Corporate Governance The international journal of business in society

Bibliographic Details
Format: eBook
Language:English
Published: Bingley: Emerald Group Publishing Limited, 2001 -
Subjects:
Online Access:Acceso restringido

MARC

LEADER 00000nam a22000007a 4500
005 20210223213158.0
007 cr|||| ||||
008 210223c20019999gb n|w s|||| 0|||b1eng d
022 |a 1472-0701 
035 |a 32167 
040 |a vLex 
090 |c 11221  |d 11221 
245 0 0 |a Corporate Governance  |h [Recurso electrn̤ico] :  |b The international journal of business in society 
256 |a Servicio en ln̕ea 
260 |a Bingley:  |b Emerald Group Publishing Limited,  |c 2001 - 
300 |a 1 recurso electrn̤ico 
310 |a Irregular 
362 |a Nð 1-1 (Mar. 2001) - 
506 1 |a Disponible solo en los productos indicados  |d vLex Global  |d vLex Global (Academic Edition, excluding Law Schools)  |d vLex Global (U.S. Academic Edition, Law Schools)  |d vLex Global (U.S. Academic Edition, excluding Law Schools)  |d vLex Global (Academic Edition, Law Schools) 
650 0 4 |a Derecho Mercantil y de la Empresa  |z Reino Unido 
650 0 4 |a Derecho Pb︢lico y Administrativo  |z Reino Unido 
740 0 |a vLex Revistas (Servicio en ln̕ea) 
856 4 0 |u http://vlex.com/source/32167  |z Acceso restringido 
942 |c REV 
999 0 |a Commercial and Company Law 
999 0 |a Public and Administrative Law